| 000 | 00482nam a2200181Ia 4500 | ||
|---|---|---|---|
| 001 | 24222 | ||
| 005 | 20260414151029.0 | ||
| 008 | 260414t2016||||xx |||||||||||||| ||spa|| | ||
| 041 | _aESP | ||
| 082 |
_a796.334092 _bF89G |
||
| 100 |
_aFuentes Pastor, Hélard André _eAUT |
||
| 245 | 0 |
_aGuillermo - maestrito - Fuentes : _bdeportista y educador (1944-2016) |
|
| 260 | _c2016 | ||
| 300 |
_a106 páginas : _c20 cm. |
||
| 650 | _aABD | ||
| 654 | _aCAU | ||
| 942 |
_cLIB _dJUS _fJUS _2ddc _n |
||
| 999 |
_c24222 _d24222 |
||